[Event "Ruhrgebiet Verbandsbezirksliga Gr 1"]
[Site "Ruhrgebiet"]
[Date "2019.01.27"]
[Round "5.4"]
[White "Dreesbach, Tobias"]
[Black "Budde, Uwe"]
[Result "1/2-1/2"]
[WhiteElo "1828"]
[BlackElo "1736"]
[PlyCount "64"]
[EventDate "2018.09.30"]
[EventType "team-tourn"]
[EventRounds "9"]
[EventCountry "GER"]
[SourceTitle "EXT 2022"]
[Source "ChessBase"]
[SourceDate "2021.10.06"]
[SourceVersion "1"]
[SourceVersionDate "2021.10.06"]
[SourceQuality "1"]
[WhiteTeam "Ahlen SV II"]
[BlackTeam "Boenen SV II"]
[WhiteTeamCountry "GER"]
[BlackTeamCountry "GER"]

1. e4 d6 2. d4 Nf6 3. Nc3 c6 4. Bf4 Qa5 5. Nf3 Nxe4 6. Bd2 Nxd2 7. Qxd2 g6 8. Bc4 Bg7 9. 0-0-0 Nd7 10. Rhe1 Qh5 11. Kb1 d5 12. Bd3 e6 13. Rg1 Qh6 14. Qe2 Qf4 15. g3 Qd6 16. Qe3 0-0 17. Nd2 e5 18. dxe5 Nxe5 19. f4 Nxd3 20. Qxd3 Bg4 21. Rde1 Rfe8 22. Nb3 Re7 23. Qd2 Rae8 24. Nc1 Rxe1 25. Rxe1 Rxe1 26. Qxe1 Qe6 27. Qf2 b6 28. Qf1 d4 29. Na4 c5 30. b3 Bf6 31. Qa6 Qe7 32. Nb2 Kg7 1/2-1/2

[Event "Lippe Cup 05th"]
[Site "Lieme"]
[Date "2008.09.28"]
[Round "5"]
[White "Dreesbach, Tobias"]
[Black "Meyer, Karlheinz"]
[Result "1/2-1/2"]
[WhiteElo "1716"]
[BlackElo "1736"]
[PlyCount "69"]
[EventDate "2008.09.26"]
[EventType "swiss"]
[EventRounds "5"]
[EventCountry "GER"]
[SourceTitle "EXT 2012"]
[Source "ChessBase"]
[SourceDate "2011.11.24"]
[SourceVersion "1"]
[SourceVersionDate "2011.11.24"]
[SourceQuality "1"]

1. e4 c5 2. Nf3 Nc6 3. d4 cxd4 4. Nxd4 d6 5. Nc3 a6 6. Be2 Nf6 7. Be3 Nxd4 8. Bxd4 e5 9. Be3 Be7 10. 0-0 0-0 11. f4 b5 12. a3 Bb7 13. Bf3 Qc7 14. Qe1 Rfe8 15. f5 d5 16. exd5 e4 17. Bxe4 Bd6 18. Qh4 Bxh2+ 19. Qxh2 Qxh2+ 20. Kxh2 Nxe4 21. Bd4 Nxc3 22. Bxc3 Bxd5 23. Rfe1 f6 24. g4 Bc4 25. Kg3 Be2 26. a4 Rac8 27. axb5 Bxb5 28. Rxe8+ Rxe8 29. Re1 Re2 30. Rxe2 Bxe2 31. Bd4 Kf7 32. b4 g6 33. fxg6+ Kxg6 34. Kf4 Bb5 35. c3 1/2-1/2

[Event "Dortmund op-B"]
[Site "Dortmund"]
[Date "2007.06.27"]
[Round "5"]
[White "Kupinski, Mirko"]
[Black "Dreesbach, Tobias"]
[Result "1/2-1/2"]
[WhiteElo "1620"]
[BlackElo "1499"]
[PlyCount "55"]
[EventDate "2007.06.22"]
[EventType "swiss"]
[EventRounds "9"]
[EventCountry "GER"]
[SourceTitle "EXT 2008"]
[Source "ChessBase"]
[SourceDate "2007.11.25"]
[SourceVersion "1"]
[SourceVersionDate "2007.11.25"]
[SourceQuality "1"]

1. d4 d5 2. c4 e6 3. Nf3 Nf6 4. g3 c6 5. Nc3 Nbd7 6. Bg2 dxc4 7. a4 Bb4 8. Qc2 0-0 9. Bd2 Nd5 10. 0-0 Bxc3 11. bxc3 b6 12. e4 N5f6 13. Bg5 Qc7 14. Nd2 Ba6 15. Qa2 c5 16. d5 exd5 17. exd5 Qe5 18. Bf4 Qxc3 19. Rfc1 Qd3 20. d6 Rae8 21. Nxc4 Re2 22. Bf1 Rxa2 23. Bxd3 Rxa1 24. Rxa1 Bxc4 25. Bxc4 h6 26. h4 Re8 27. a5 Ne4 28. Bb5 1/2-1/2

[Event "Dortmund op-B"]
[Site "Dortmund"]
[Date "2007.06.23"]
[Round "2"]
[White "Dreesbach, Tobias"]
[Black "Ziperstein, Jakob"]
[Result "0-1"]
[WhiteElo "1499"]
[BlackElo "1870"]
[PlyCount "106"]
[EventDate "2007.06.22"]
[EventType "swiss"]
[EventRounds "9"]
[EventCountry "GER"]
[SourceTitle "EXT 2008"]
[Source "ChessBase"]
[SourceDate "2007.11.25"]
[SourceVersion "1"]
[SourceVersionDate "2007.11.25"]
[SourceQuality "1"]

1. e4 g6 2. d4 Bg7 3. Be3 d6 4. Qd2 Nf6 5. f3 c5 6. Nc3 cxd4 7. Bxd4 Nc6 8. Be3 0-0 9. 0-0-0 Be6 10. g4 Qa5 11. a3 Rac8 12. Nd5 Qa4 13. Nxf6+ Bxf6 14. Bd3 Na5 15. Qb4 Qxb4 16. axb4 Nc4 17. Bxc4 Rxc4 18. c3 Rfc8 19. Ne2 Rxb4 20. Bxa7 Ra4 21. Bd4 Bb3 22. Bxf6 Bxd1 23. Rxd1 Ra1+ 24. Kc2 Rxd1 25. Kxd1 exf6 26. Kc2 Kf8 27. Nf4 Ke7 28. Nd5+ Ke6 29. Kd3 g5 30. c4 Ke5 31. Nb6 Rc6 32. Na4 Kf4 33. Ke2 Rxc4 34. Nc3 Ke5 35. Kd3 Rc5 36. b4 Rc8 37. Nd5 Rc1 38. Ke3 Rh1 39. h4 Rxh4 40. Ne7 Rh1 41. Nd5 Re1+ 42. Kd3 Rf1 43. Ke2 Rb1 44. Kd3 Rb3+ 45. Ke2 h6 46. Kf2 b5 47. Ke2 Kd4 48. Kf2 Kc4 49. Ke2 Rxb4 50. Nxb4 Kxb4 51. Kd2 Kb3 52. Kc1 Ka2 53. Kc2 b4 0-1

[Event "NRW-ch U14"]
[Site "Kranenburg"]
[Date "2007.04.11"]
[Round "4"]
[White "Dreesbach, Tobias"]
[Black "Butschek, Marc"]
[Result "0-1"]
[WhiteElo "1408"]
[BlackElo "1702"]
[PlyCount "60"]
[EventDate "2007.04.09"]
[EventType "swiss"]
[EventRounds "7"]
[EventCountry "GER"]
[SourceTitle "EXT 2008"]
[Source "ChessBase"]
[SourceDate "2007.11.25"]
[SourceVersion "1"]
[SourceVersionDate "2007.11.25"]
[SourceQuality "1"]

1. e4 e5 2. Nf3 Nf6 3. Nxe5 d6 4. Nf3 Nxe4 5. Nc3 Nxc3 6. dxc3 Be7 7. Be3 0-0 8. Bc4 Bg4 9. h3 Bh5 10. Qd5 Bxf3 11. Qxf3 c6 12. 0-0-0 Nd7 13. Qg3 d5 14. Bd3 Bf6 15. f4 Re8 16. Qf3 g6 17. g4 h6 18. Kb1 Qe7 19. Rde1 Nc5 20. Bd2 Ne4 21. Bxe4 dxe4 22. Qg2 Bh4 23. Re2 Rad8 24. Re3 Rd7 25. Kc1 Qe6 26. Be1 Bxe1 27. b3 Bd2+ 28. Qxd2 Rxd2 29. Kxd2 Qd5+ 30. Ke2 Rd8 0-1

[Event "Dortmund Sparkassen op-B"]
[Site "Dortmund"]
[Date "2006.08.06"]
[Round "9"]
[White "Gegner, Michael"]
[Black "Dreesbach, Tobias"]
[Result "0-1"]
[WhiteElo "1477"]
[BlackElo "1478"]
[PlyCount "26"]
[EventDate "2006.07.28"]
[EventType "swiss"]
[EventRounds "9"]
[EventCountry "GER"]
[SourceTitle "CBM 113 Extra"]
[Source "ChessBase"]
[SourceDate "2006.09.14"]
[SourceVersion "1"]
[SourceVersionDate "2006.09.14"]
[SourceQuality "1"]

1. d4 d5 2. e4 dxe4 3. Nc3 Nf6 4. f3 exf3 5. Nxf3 Bg4 6. h3 Bh5 7. g4 Bg6 8. Ne5 c6 9. h4 Nbd7 10. h5 Nxe5 11. dxe5 Qxd1+ 12. Nxd1 Be4 13. Rg1 Nd7 0-1

[Event "Ruhrgebiet-ch U14"]
[Site "Muelheim"]
[Date "2003.04.15"]
[Round "5"]
[White "Rojek, Karsten"]
[Black "Dreesbach, Tobias"]
[Result "1-0"]
[WhiteElo "1536"]
[BlackElo "940"]
[PlyCount "99"]
[EventDate "2003.04.??"]
[EventType "swiss"]
[EventRounds "7"]
[EventCountry "GER"]
[SourceTitle "EXT 2005"]
[Source "ChessBase"]
[SourceDate "2004.11.15"]
[SourceVersion "1"]
[SourceVersionDate "2004.11.15"]
[SourceQuality "1"]

1. e4 c5 2. Nf3 Nc6 3. d4 cxd4 4. Nxd4 Nf6 5. Nc3 d6 6. Be3 Ng4 7. Qd2 Nxe3 8. Qxe3 a6 9. Be2 e5 10. Nf3 Be7 11. 0-0 0-0 12. Nd2 Qc7 13. f4 Nd4 14. Nd5 Qd8 15. Bd3 exf4 16. Qxd4 b5 17. Rxf4 Bb7 18. Rg4 f6 19. e5 dxe5 20. Qe3 Qxd5 21. Qh6 Kf7 22. Qxg7+ Ke8 23. Be4 Qd7 24. Bxb7 Qxb7 25. Ne4 Qd7 26. Rf1 f5 27. Qxe5 fxe4 28. Rxf8+ Kxf8 29. Qh8+ Kf7 30. Rg7+ Kf6 31. Rg8+ Kf7 32. Qg7+ Ke6 33. Qg4+ Kd6 34. Qxd7+ Kxd7 35. Rxa8 e3 36. Kf1 Kc6 37. Rxa6+ Kd5 38. Ke2 Ke4 39. Re6+ Kd4 40. Rxe7 h5 41. Rxe3 b4 42. c3+ bxc3 43. Rxc3 h4 44. h3 Ke5 45. a4 Kd4 46. a5 Kd5 47. a6 Ke5 48. a7 Kd4 49. a8Q Ke5 50. Qa4 1-0

[Event "NRW-Ferienturnier U16"]
[Site "Wewelsburg"]
[Date "2001.08.14"]
[Round "4"]
[White "Veit, Dominik"]
[Black "Dreesbach, Tobias"]
[Result "1-0"]
[WhiteElo "881"]
[BlackElo "1033"]
[PlyCount "127"]
[EventDate "2001.08.??"]
[EventType "swiss"]
[EventRounds "7"]
[EventCountry "GER"]
[SourceTitle "EXT 2003"]
[Source "ChessBase"]
[SourceDate "2002.11.25"]
[SourceVersion "1"]
[SourceVersionDate "2002.11.25"]
[SourceQuality "1"]

1. e4 e5 2. Nf3 Nc6 3. Bb5 Nf6 4. d3 h6 5. Bxc6 Bb4+ 6. c3 Ba5 7. Be3 dxc6 8. Nxe5 Qe7 9. Nc4 b6 10. Nxa5 bxa5 11. Nd2 0-0 12. Nb3 a4 13. Bc5 Qe5 14. Bxf8 axb3 15. Bb4 c5 16. d4 Qxe4+ 17. Kd2 cxb4 18. axb3 bxc3+ 19. bxc3 Qxg2 20. Qg1 Qg5+ 21. Qxg5 hxg5 22. c4 Bb7 23. Rhg1 Ne4+ 24. Ke3 f6 25. f4 gxf4+ 26. Kxf4 c5 27. d5 Nc3 28. Kf5 Kh7 29. Rg3 Ne2 30. Rh3+ Kg8 31. Re1 Nd4+ 32. Kg6 Bc8 33. Rhe3 Bf5+ 34. Kh5 g6+ 35. Kh6 Rf8 36. Re8 Rxe8 37. Rxe8+ Kf7 38. Ra8 Bc2 39. Rxa7+ Kg8 40. d6 Ne6 41. Re7 Nd8 42. d7 Nf7+ 43. Rxf7 Kxf7 44. d8Q Bxb3 45. Qc7+ Kf8 46. Qxc5+ Kf7 47. Qc7+ Kf8 48. Qd7 Bxc4 49. Qg7+ Ke8 50. Qxg6+ Ke7 51. Kg7 Bf7 52. Qxf6+ Kd7 53. Qxf7+ Kc8 54. h3 Kd8 55. h4 Kc8 56. h5 Kd8 57. h6 Kc8 58. h7 Kd8 59. Kf6 Kc8 60. Ke6 Kb8 61. Kd6 Ka8 62. Kc6 Kb8 63. Kb6 Ka8 64. h8Q# 1-0

[Event "NRW-Ferienturnier U16"]
[Site "Wewelsburg"]
[Date "2001.08.12"]
[Round "2"]
[White "Deventer, Daniel"]
[Black "Dreesbach, Tobias"]
[Result "1-0"]
[WhiteElo "751"]
[BlackElo "1033"]
[PlyCount "127"]
[EventDate "2001.08.??"]
[EventType "swiss"]
[EventRounds "7"]
[EventCountry "GER"]
[SourceTitle "EXT 2003"]
[Source "ChessBase"]
[SourceDate "2002.11.25"]
[SourceVersion "1"]
[SourceVersionDate "2002.11.25"]
[SourceQuality "1"]

1. e4 e5 2. Nf3 Nc6 3. d4 exd4 4. Nxd4 Nf6 5. Nxc6 bxc6 6. Nc3 Bb4 7. Bd2 0-0 8. Bd3 h6 9. a3 Ba5 10. 0-0 Rb8 11. b3 Bxc3 12. Bxc3 d5 13. Bxf6 Qxf6 14. exd5 cxd5 15. Re1 Qg5 16. Kf1 Bf5 17. Re5 Bg4 18. Rxg5 Bxd1 19. Rxd5 c6 20. Rd6 c5 21. Rxd1 Rfe8 22. Re1 Rec8 23. Ra6 Rb7 24. Be4 Rbc7 25. Rd1 c4 26. Rad6 g6 27. Rd8+ Rxd8 28. Rxd8+ Kg7 29. Bd5 cxb3 30. cxb3 Kf6 31. Ra8 Ke5 32. Bc4 Kd4 33. a4 Kc3 34. Ke2 Re7+ 35. Kf3 f5 36. g3 g5 37. Rh8 Re1 38. Rxh6 g4+ 39. Kg2 Kd2 40. Rf6 Re5 41. h4 Ke1 42. h5 Rc5 43. h6 Rc8 44. Rxf5 Rh8 45. Rh5 Kd2 46. h7 Kc3 47. Bg8 Kd4 48. Rg5 Ke4 49. Rxg4+ Kf5 50. Rf4+ Kg5 51. Kf3 a5 52. Ke4 Kh6 53. Kd4 Kh5 54. Kc4 Kh6 55. Kb5 Kh5 56. Kxa5 Kh6 57. b4 Kh5 58. b5 Kh6 59. b6 Kh5 60. b7 Kh6 61. b8Q Kh5 62. Qe5+ Kh6 63. Qf6+ Kh5 64. Rh4# 1-0

[Event "NRW-Ferienturnier U16"]
[Site "Wewelsburg"]
[Date "2001.08.11"]
[Round "1"]
[White "Dreesbach, Tobias"]
[Black "Mir Wais, Milod"]
[Result "0-1"]
[WhiteElo "1033"]
[BlackElo "1598"]
[PlyCount "72"]
[EventDate "2001.08.??"]
[EventType "swiss"]
[EventRounds "7"]
[EventCountry "GER"]
[SourceTitle "EXT 2003"]
[Source "ChessBase"]
[SourceDate "2002.11.25"]
[SourceVersion "1"]
[SourceVersionDate "2002.11.25"]
[SourceQuality "1"]

1. e4 c5 2. Nf3 d6 3. d4 cxd4 4. Nxd4 Nf6 5. Nc3 e6 6. Be2 Be7 7. Bg5 Nxe4 8. Nxe4 Bxg5 9. Nxg5 Qxg5 10. Nf3 Qd8 11. Qd2 Nc6 12. 0-0 0-0 13. Nd4 Nxd4 14. Qxd4 Qc7 15. Bd3 b6 16. Qe4 g6 17. Qxa8 Bb7 18. Qxa7 Ra8 19. Qxa8+ Bxa8 20. Rae1 Bb7 21. c4 Ba6 22. b3 d5 23. cxd5 Bxd3 24. d6 Qd7 25. Rd1 Bxf1 26. Kxf1 f6 27. a4 Kf7 28. b4 Qxa4 29. Rd4 Qa1+ 30. Ke2 Qxd4 31. d7 Qxd7 32. f4 Qb5+ 33. Ke3 Qxb4 34. g4 Qc3+ 35. Ke4 f5+ 36. gxf5 gxf5# 0-1